Statystyki dla Koronawirus: państwa z największą liczbą zakażeń

Kliknij tutaj aby rozwiązać quiz!

Ogólne statystyki

  • Ten quiz został rozwiązany 62 razy
  • Średni wynik to 8 z 15

Statystyki odpowiedzi

#Liczba zakażonychPaństwo% Poprawnych
4877,135Rosja
90%
15,095,524USA
88%
32,089,773Indie
85%
22,967,064Brazylia
80%
10361,442Hiszpania
71%
12309,005Wielka Brytania
69%
6469,407Meksyk
61%
11322,567Iran
42%
7463,875Peru
39%
9367,196Kolumbia
37%
5545,476RPA
36%
8368,825Chile
34%
14283,487Pakistan
31%
15252,502Bangladesz
25%
13285,793Arabia Saudyjska
24%

Rozkład punktacji

Percentyl według liczby udzielonych odpowiedzi

Procent ludzi z każdym wynikiem

Twoja historia wyników

Nie rozwiązałeś tego quizu